| 000 | 01187cam a22003737a 4500 | ||
|---|---|---|---|
| 003 | CHAP | ||
| 005 | 20220329142548.0 | ||
| 008 | 010926d2000 mx r 00110 spa d | ||
| 010 | _a84951 | ||
| 011 | _a85923 | ||
| 035 | _a96461 | ||
| 040 | _cCHAP | ||
| 082 | 0 | 0 |
_a301.37 _bG3 |
| 100 | 0 | 0 |
_aGazol Santafé, Antonio. _947367 |
| 245 | 1 | 4 |
_aLos países pobres _c/por Antonio Gazol Santafé |
| 260 |
_aMéxico, D.F. : _bFondo de Cultura Económica, _c1974. |
||
| 300 | _a111 p. | ||
| 490 | 0 |
_aArchivo del Fondo _v; 8 |
|
| 590 |
_aBATCH-UPD _b10 _c20130110 _lUCH01 _h0012 |
||
| 590 |
_aBATCH-UPD _b10 _c20130110 _lUCH01 _h1512 |
||
| 590 |
_aBATCH-UPD _b10 _c20130409 _lUCH01 _h1949 |
||
| 590 |
_aBATCH-UPD _b10 _c20130410 _lUCH01 _h0928 |
||
| 590 |
_aBATCH-UPD _b10 _c20130914 _lUCH01 _h0946 |
||
| 590 |
_aCONVERSION _b10 _c20130109 _lUCH01 _h1347 |
||
| 650 | 1 | 4 |
_aClase media. _923672 |
| 650 | 1 | 4 |
_aPaíses subdesarrollados. _985149 |
| 650 | 1 | 4 |
_aPobreza. _989463 |
| 650 | 1 | 4 |
_aRiqueza. _997508 |
| 830 | 0 |
_aArchivo del Fondo _v; 8 _96799 |
|
| 901 | _aBK | ||
| 905 | _aAlejandra Carrasco M. | ||
| 942 | _cLIBRO | ||
| 949 |
_a301.37 G3 _bBC _cLIBRO _d33724000856613 _eLIBRO _h101995 _i96461 _kDon. _sb |
||
| 999 |
_c84951 _d84951 |
||